000 01430nam a22003015a 4500
001 15831513
005 20090723161841.0
008 090723s20092010mau | 00| 0 eng
010 _a 2009933304
020 _a1435455002 (softcover : alk. paper)
020 _a9781435455009 (softcover : alk. paper)
040 _aDLC
_cDLC
082 _222
_a005.133
_bDAW
100 1 _aDawson, Michael.
_919957
245 1 0 _aPython Programming for the Absolute Beginner /
_cMichael Dawson.
250 _a3rd ed.
260 _aAustralia :
_bCengage Learning,
_cc2010.
300 _axxiii, 455p. :
_bill.;
_c24 cm.
500 _aIncludes index.
541 _aBacca;
650 0 _913168
_aPython (Computer program language)
942 _2ddc
_cBB
999 _c14733
_d14733